[Event "Barbera del Valles"]
[Site "XXXI Open del Valles"]
[Date "2008.07.05"]
[Round "2"]
[White "Asis Gargatagli, Hipolit"]
[Black "Narciso Dublan, Marc"]
[Result "0-1"]
[WhiteElo "2396"]
[BlackElo "2525"]
[PlyCount "60"]
[EventDate "2008.07.??"]
[EventType "swiss"]
[EventRounds "9"]
[EventCountry "ESP"]
[SourceDate "2008.07.04"]

1. c4 e5 2. Nc3 Nf6 3. Nf3 Nc6 4. g3 Bc5 5. Bg2 d6 6. O-O O-O 7. d3 h6 8. a3 a5
9. b3 Nd4 10. e3 Nxf3+ 11. Bxf3 Bb6 12. Na4 Ba7 13. Bb2 Re8 14. b4 c6 15. Qd2
Bh3 16. Rfc1 Nh7 17. Qe2 Ng5 18. Bg4 f5 19. Bxh3 Nxh3+ 20. Kg2 Ng5 21. h4 Ne6
22. Qh5 Rf8 23. Nc3 Qd7 24. Rf1 f4 25. Rae1 axb4 26. axb4 fxe3 27. fxe3 Rxf1
28. Kxf1 Nf4 29. gxf4 Qh3+ 30. Kf2 exf4 0-1

[Event "Barbera del Valles"]
[Site "XXXI Open del Valles"]
[Date "2008.07.05"]
[Round "2"]
[White "Czakon, Jakub"]
[Black "Ryan, Joseph"]
[Result "1-0"]
[WhiteElo "2510"]
[BlackElo "2331"]
[PlyCount "119"]
[EventDate "2008.07.??"]
[EventType "swiss"]
[EventRounds "9"]
[EventCountry "ESP"]
[SourceDate "2008.07.04"]

1. d4 Nf6 2. c4 c5 3. d5 b5 4. Nf3 g6 5. cxb5 a6 6. Nc3 d6 7. e4 Bg7 8. Be2 O-O
9. O-O axb5 10. Bxb5 Ba6 11. Bxa6 Rxa6 12. Qe2 Qc8 13. Bg5 Nbd7 14. Rad1 Qb7
15. a3 Rb8 16. e5 dxe5 17. Nxe5 Nxe5 18. Qxe5 Rd6 19. Ne4 Nxe4 20. Qxe4 Rd7 21.
Qc4 Qb5 22. Qc2 c4 23. Bf4 Ra8 24. Bc1 Rxd5 25. Rxd5 Qxd5 26. Rd1 Qe6 27. h3 h5
28. Bd2 Rb8 29. Bb4 Bf6 30. Re1 Qd5 31. Re4 Bxb2 32. Qxc4 Qxc4 33. Rxc4 Ra8 34.
Rc2 Bf6 35. Kf1 Kf8 36. Ke2 Ke8 37. Rd2 Be5 38. Kd3 Rd8+ 39. Kc4 Rxd2 40. Bxd2
Kd7 41. Kb5 Kc7 42. a4 f5 43. Be3 Bf6 44. a5 e5 45. a6 Kb8 46. Kc6 g5 47. Kd5
f4 48. Bc5 g4 49. Bd6+ Ka7 50. hxg4 hxg4 51. Bxe5 Bh4 52. Bd4+ Kxa6 53. Ke4 g3
54. f3 Kb5 55. Kxf4 Kc4 56. Kg4 Be7 57. Be5 Kd3 58. Bxg3 Ke2 59. Be5 Kf2 60. g3
1-0

[Event "Barbera del Valles"]
[Site "XXXI Open del Valles"]
[Date "2008.07.05"]
[Round "2"]
[White "Gomez Jurado, Luis Alberto"]
[Black "Fluvia Poyatos, Jordi"]
[Result "1-0"]
[WhiteElo "2299"]
[BlackElo "2500"]
[PlyCount "49"]
[EventDate "2008.07.??"]
[EventType "swiss"]
[EventRounds "9"]
[EventCountry "ESP"]
[SourceDate "2008.07.04"]

1. d4 Nf6 2. Nf3 g6 3. c4 Bg7 4. Nc3 d5 5. Bg5 Ne4 6. cxd5 Nxg5 7. Nxg5 e6 8.
Qd2 exd5 9. Qe3+ Kf8 10. Qf4 Bf6 11. h4 $11 Kg7 12. e4 dxe4 13. Ngxe4 Re8 14.
O-O-O Nd7 15. h5 g5 16. h6+ Kg8 17. Qf5 Bh8 18. Nxg5 Nf6 19. Qf4 Qd6 20. Qh4
Ng4 21. Bc4 Qf4+ 22. Rd2 Bf6 23. Bxf7+ Kf8 24. Nxh7+ Kxf7 25. Qh5+ 1-0

[Event "Barbera del Valles"]
[Site "XXXI Open del Valles"]
[Date "2008.07.05"]
[Round "2"]
[White "Cuartas, Jaime Alexander"]
[Black "Avila Jimenez, Javier"]
[Result "1-0"]
[WhiteElo "2495"]
[BlackElo "2286"]
[PlyCount "87"]
[EventDate "2008.07.??"]
[EventType "swiss"]
[EventRounds "9"]
[EventCountry "ESP"]
[SourceDate "2008.07.04"]

1. e4 d5 2. exd5 Qxd5 3. Nc3 Qa5 4. d4 Nf6 5. Nf3 c6 6. h3 Bf5 7. Bd2 e6 8. Nh4
Bg6 9. Nxg6 hxg6 10. Bd3 Qb6 11. Ne2 Nbd7 12. O-O Bd6 13. b4 O-O 14. c4 Qd8 15.
Qb3 e5 16. dxe5 Nxe5 17. Bc2 c5 18. Rad1 Qb6 19. Be3 Rfe8 20. Nc3 Bf8 21. b5
Qe6 22. Nd5 Rac8 23. Rfe1 Nxd5 24. Rxd5 Red8 25. Be4 b6 26. Rxd8 Rxd8 27. Bd5
Qf5 28. Qa3 Rd7 29. f4 Qd3 30. Qc1 Rxd5 31. cxd5 Nc4 32. Bf2 Nd6 33. a4 Qxd5
34. Qc2 Nf5 35. Ra1 Qe6 36. Re1 Qd7 37. Qe2 Qc7 38. Qe4 Bd6 39. Qa8+ Kh7 40.
Re8 g5 41. Rh8+ Kg6 42. g4 Ne7 43. Qe4+ Kf6 44. fxg5+ 1-0

[Event "Barbera del Valles"]
[Site "XXXI Open del Valles"]
[Date "2008.07.05"]
[Round "2"]
[White "Mestre Bellido, Hector"]
[Black "Pap, Misa"]
[Result "0-1"]
[WhiteElo "2284"]
[BlackElo "2495"]
[PlyCount "76"]
[EventDate "2008.07.??"]
[EventType "swiss"]
[EventRounds "9"]
[EventCountry "ESP"]
[SourceDate "2008.07.04"]

1. e4 c5 2. Nf3 Nc6 3. d4 cxd4 4. Nxd4 e5 5. Nb5 d6 6. c4 Be7 7. N1c3 a6 8. Na3
Be6 9. Be2 Bg5 10. O-O h6 11. Nc2 Nf6 12. Bxg5 hxg5 13. Qd2 g4 14. Rfd1 Nh5 15.
g3 Nf4 16. Nd5 Nh3+ 17. Kg2 Rc8 18. Nce3 Ng5 19. Qd3 Nf3 20. Nxg4 Nfd4 21. Nde3
Qg5 22. f3 b5 23. b3 O-O 24. cxb5 axb5 25. Qd2 Nxe2 26. Qxe2 Nd4 27. Qf2 f5 28.
exf5 Bxf5 29. h4 Qh5 30. Nxf5 Rxf5 31. Rxd4 exd4 32. Qxd4 Rc2+ 33. Kh3 Rxf3 34.
Re1 Rcc3 35. Qxd6 Qf5 36. Re8+ Kh7 37. Re2 Rfd3 38. Rf2 Qxg4+ 0-1

[Event "Barbera del Valles"]
[Site "XXXI Open del Valles"]
[Date "2008.07.05"]
[Round "2"]
[White "Lasinskas, Povilas"]
[Black "Gonzalez Vidal, Yuri"]
[Result "0-1"]
[WhiteElo "2269"]
[BlackElo "2464"]
[PlyCount "124"]
[EventDate "2008.07.??"]
[EventType "swiss"]
[EventRounds "9"]
[EventCountry "ESP"]
[SourceDate "2008.07.04"]

1. d4 Nf6 2. c4 e6 3. Nf3 c5 4. d5 exd5 5. cxd5 d6 6. Nc3 g6 7. h3 Bg7 8. e4 a6
9. a4 Nbd7 10. Bd3 Nh5 11. O-O Ne5 12. Be2 Nxf3+ 13. Bxf3 Qh4 14. Bxh5 gxh5 15.
Qf3 Rg8 16. Kh1 Be5 17. Ne2 Bg4 18. Qe3 Bxe2 19. Qxe2 O-O-O 20. Ra3 Rg4 21. f4
Bxf4 22. Bxf4 Rxf4 23. Rxf4 Qxf4 24. Rf3 Qh4 25. b4 Re8 26. Re3 cxb4 27. Qc4+
Kb8 28. Qxb4 Qe7 29. Rf3 Rc8 30. Rf5 h4 31. e5 Rc1+ 32. Kh2 Rc5 33. Qe4 dxe5
34. Qxe5+ Qxe5+ 35. Rxe5 Ra5 36. Re8+ Ka7 37. d6 Rd5 38. Re7 Rxd6 39. Rxf7 a5
40. Rf4 Rh6 41. Kg1 Ka6 42. Rf5 Rb6 43. Rf3 Rb4 44. Ra3 Rf4 45. g3 hxg3 46. Kg2
b5 47. axb5+ Kxb5 48. Kxg3 Rf7 49. Rb3+ Kc4 50. Rb8 Ra7 51. Rc8+ Kd5 52. Rd8+
Ke4 53. Re8+ Kf5 54. Rf8+ Ke5 55. Re8+ Kd6 56. Rd8+ Ke6 57. Re8+ Kf7 58. Re1 a4
59. Kf4 a3 60. Ra1 a2 61. Ke4 Kg6 62. Kd3 Kh5 0-1

[Event "Barbera del Valles"]
[Site "XXXI Open del Valles"]
[Date "2008.07.05"]
[Round "2"]
[White "Perez Mitjans, Orelvis"]
[Black "Canal Oliveras, Joan"]
[Result "1-0"]
[WhiteElo "2441"]
[BlackElo "2241"]
[PlyCount "79"]
[EventDate "2008.07.??"]
[EventType "swiss"]
[EventRounds "9"]
[EventCountry "ESP"]
[SourceDate "2008.07.04"]

1. e4 e5 2. Nc3 Nf6 3. f4 d5 4. fxe5 Nxe4 5. Qf3 f5 6. d3 Nxc3 7. bxc3 d4 8.
Qg3 Nc6 9. Be2 Be6 10. Rb1 Qd5 11. Bh5+ g6 12. Bf3 Qxe5+ 13. Qxe5 Nxe5 14. Bxb7
Rd8 15. Rb5 Bg7 16. Bf4 Nf7 17. Bxc7 Nd6 18. Bc6+ Bd7 19. Bxd7+ Rxd7 20. Bxd6
Rxd6 21. cxd4 Ra6 22. Nf3 Rxa2 23. Rb8+ Kd7 24. Rxh8 Bxh8 25. Kd2 Bf6 26. Rb1
Kc7 27. Kc3 g5 28. Rb5 g4 29. Nd2 Ra4 30. Nb3 f4 31. Rf5 Be7 32. Rxf4 Bb4+ 33.
Kb2 Ba3+ 34. Kb1 Bd6 35. Rf7+ Kc6 36. Rxh7 a5 37. Rh6 Rb4 38. Ka2 a4 39. Na5+
Kd7 40. Nc4 1-0

[Event "Barbera del Valles"]
[Site "XXXI Open del Valles"]
[Date "2008.07.05"]
[Round "2"]
[White "Capellades Subirana, Marc"]
[Black "Ipatov, Alexander"]
[Result "0-1"]
[WhiteElo "2265"]
[BlackElo "2433"]
[PlyCount "78"]
[EventDate "2008.07.??"]
[EventType "swiss"]
[EventRounds "9"]
[EventCountry "ESP"]
[SourceDate "2008.07.04"]

1. e4 c5 2. Nf3 d6 3. d4 cxd4 4. Nxd4 Nf6 5. Nc3 g6 6. Bd3 Bg7 7. O-O O-O 8.
Kh1 Nc6 9. Nxc6 bxc6 10. f4 e5 11. f5 gxf5 12. exf5 d5 13. Bg5 h6 14. Bh4 Bb7
15. Qd2 c5 16. Be2 d4 17. Nb5 Ne4 18. Qe1 Bf6 19. Bxf6 Nxf6 20. Rd1 Kh7 21. Rd3
Rg8 22. Rg1 Be4 23. Rg3 Qe7 24. Bf3 Rxg3 25. hxg3 Bxf3 26. gxf3 Rg8 27. Rg2 e4
28. fxe4 Nxe4 29. Kh2 Qb7 30. Qe2 Re8 31. Qd3 a6 32. Nc3 Ng5 33. f6+ Kh8 34.
Rf2 Re1 35. Rf1 Re3 36. Qf5 Re2+ 37. Rf2 Nf3+ 38. Kh3 Rxf2 39. Qxc5 Ng5+ 0-1

[Event "Barbera del Valles"]
[Site "XXXI Open del Valles"]
[Date "2008.07.05"]
[Round "2"]
[White "Ortega Serra, Marc"]
[Black "Matnadze, Ana"]
[Result "0-1"]
[WhiteElo "1974"]
[BlackElo "2411"]
[PlyCount "60"]
[EventDate "2008.07.??"]
[EventType "swiss"]
[EventRounds "9"]
[EventCountry "ESP"]
[SourceDate "2008.07.04"]

1. d4 Nf6 2. c4 e6 3. Nf3 b6 4. a3 Bb7 5. Nc3 g6 6. g3 Bg7 7. Bg2 O-O 8. O-O d6
9. Qc2 Nbd7 10. e4 h6 11. Re1 e5 12. d5 a5 13. Bd2 Nh5 14. b4 f5 15. Nh4 Qf6
16. Bf3 Nf4 17. Nb5 Nh3+ 18. Kg2 Ng5 19. exf5 Nxf3 20. Nxf3 c6 21. Nc7 Rac8 22.
Ne6 cxd5 23. Nxf8 Qxf8 24. Nh4 Rxc4 25. Nxg6 Rxc2 26. Nxf8 Bxf8 27. Rac1 d4+
28. Kg1 Rxd2 29. Rc7 Bf3 30. Rxd7 d3 0-1

[Event "Barbera del Valles"]
[Site "XXXI Open del Valles"]
[Date "2008.07.05"]
[Round "2"]
[White "Barsov, Alexei"]
[Black "Debray, Tristan"]
[Result "1-0"]
[WhiteElo "2481"]
[BlackElo "2145"]
[PlyCount "79"]
[EventDate "2008.07.??"]
[EventType "swiss"]
[EventRounds "9"]
[EventCountry "ESP"]
[SourceDate "2008.07.04"]

1. d4 d5 2. c4 c6 3. Nc3 Nf6 4. cxd5 cxd5 5. Bf4 Nc6 6. e3 a6 7. Be2 Bf5 8. Nf3
e6 9. Qb3 Nd7 10. Qxb7 Na5 11. Qc7 Qxc7 12. Bxc7 Nc4 13. Bxc4 dxc4 14. e4 Bg6
15. Nd2 Rc8 16. Bg3 Bb4 17. Rc1 O-O 18. a3 Ba5 19. Bd6 Rfd8 20. Be7 Re8 21. Bb4
Bb6 22. Ne2 a5 23. Bd6 Rc6 24. Bg3 Rec8 25. O-O a4 26. Rfd1 Ba5 27. Nc3 Nb6 28.
f3 Rd8 29. Nb5 Bxd2 30. Rxd2 Rd7 31. Nc3 f5 32. d5 exd5 33. exd5 Rc8 34. Bf2
Rb7 35. Bxb6 Rxb6 36. Nxa4 Rd6 37. Rd4 Be8 38. Nc3 Rb6 39. Nd1 Rd6 40. Ne3 1-0

[Event "Barbera del Valles"]
[Site "XXXI Open del Valles"]
[Date "2008.07.05"]
[Round "2"]
[White "Rojas, Luis"]
[Black "Leks, Hanna"]
[Result "1-0"]
[WhiteElo "2406"]
[BlackElo "2198"]
[PlyCount "93"]
[EventDate "2008.07.??"]
[EventType "swiss"]
[EventRounds "9"]
[EventCountry "ESP"]
[SourceDate "2008.07.04"]

1. e4 c5 2. Nf3 d6 3. d4 cxd4 4. Nxd4 Nf6 5. Nc3 Nc6 6. Bc4 Qb6 7. Nb3 e6 8.
Bf4 Ne5 9. Be2 Be7 10. Be3 Qc7 11. f4 Nc4 12. Bxc4 Qxc4 13. Qf3 a5 14. a4 Bd7
15. Bd4 O-O 16. Qd3 Qc7 17. O-O Bc6 18. Rae1 b6 19. Nd2 Nd7 20. Nc4 Qb7 21. Qg3
g6 22. f5 e5 23. Be3 b5 24. axb5 Bxb5 25. Nd5 Bxc4 26. Nxe7+ Kh8 27. fxg6 fxg6
28. Rxf8+ Rxf8 29. Qh4 Rf6 30. Bg5 Qb6+ 31. Kh1 Re6 32. b3 Ba6 33. Nd5 Qc5 34.
c4 a4 35. Rf1 axb3 36. Rf7 h5 37. Rxd7 b2 38. Qe1 Qa5 39. Rd8+ Kg7 40. Qb1 Qa1
41. Nc3 Bxc4 42. Rb8 Bd3 43. Qg1 Kf7 44. h4 Re8 45. Rb7+ Kg8 46. Kh2 Rf8 47.
Qb6 1-0

[Event "Barbera del Valles"]
[Site "XXXI Open del Valles"]
[Date "2008.07.05"]
[Round "2"]
[White "Bardera Gil, Sergi"]
[Black "Mihailovs, Jurijs"]
[Result "0-1"]
[WhiteElo "2101"]
[BlackElo "2388"]
[PlyCount "62"]
[EventDate "2008.07.??"]
[EventType "swiss"]
[EventRounds "9"]
[EventCountry "ESP"]
[SourceDate "2008.07.04"]

1. e4 c5 2. Nf3 e6 3. d4 cxd4 4. Nxd4 a6 5. Nc3 Qc7 6. Nb3 Nf6 7. Qf3 Nc6 8. g3
b5 9. a3 Bb7 10. Bd2 Ne5 11. Qe2 Nc4 12. Ra2 Rc8 13. Bf4 Qc6 14. Bg2 Nxb2 15.
Bd2 Nc4 16. Nd5 Nxd5 17. exd5 Qb6 18. Bb4 Bd6 19. Bc3 O-O 20. Bd4 Qc7 21. O-O
e5 22. Ba1 Bxa3 23. Rxa3 Nxa3 24. Bxe5 Rfe8 25. d6 Qxc2 26. Qg4 Rxe5 27. Bxb7
Rd8 28. Qb4 Qb2 29. Qa5 Rde8 30. Nc1 Nc4 31. Qxa6 Qd2 0-1

[Event "Barbera del Valles"]
[Site "XXXI Open del Valles"]
[Date "2008.07.05"]
[Round "2"]
[White "Perpinya Rofes, Lluis Maria"]
[Black "Chalmeta Ugas, Ramon"]
[Result "1/2-1/2"]
[WhiteElo "2385"]
[BlackElo "2175"]
[PlyCount "102"]
[EventDate "2008.07.??"]
[EventType "swiss"]
[EventRounds "9"]
[EventCountry "ESP"]
[SourceDate "2008.07.04"]

1. e4 c5 2. Nf3 d6 3. d4 cxd4 4. Nxd4 Nf6 5. Nc3 g6 6. Be3 Bg7 7. f3 O-O 8. Qd2
Nc6 9. Bc4 Nd7 10. O-O-O Nb6 11. Bb3 Na5 12. Qd3 Bd7 13. h4 Rc8 14. h5 Nbc4 15.
hxg6 fxg6 16. Bg5 Nxb3+ 17. cxb3 Ne5 18. Qd2 Rf7 19. Kb1 a5 20. Nd5 a4 21. f4
Nc6 22. Nxc6 Bxc6 23. bxa4 Bxa4 24. Rc1 Bc6 25. f5 gxf5 26. exf5 Ra8 27. Rhe1
Be5 28. g4 Kh8 29. Nxe7 Rxe7 30. Rxe5 dxe5 31. Qxd8+ Rxd8 32. Bxe7 Rd4 33. g5
Be4+ 34. Ka1 Bxf5 35. Bf6+ Kg8 36. Bxe5 Rd5 37. Bf4 Rd4 38. Be3 Rd3 39. Re1 Bg4
40. b3 Rd1+ 41. Rxd1 Bxd1 42. Kb2 Kf7 43. Kc3 Ke6 44. Kb4 Kd7 45. Kb5 Kc7 46.
Bf4+ Kc8 47. b4 Bf3 48. a4 Bc6+ 49. Ka5 Be4 50. Kb6 Bf3 51. b5 Be4 1/2-1/2

[Event "Barbera del Valles"]
[Site "XXXI Open del Valles"]
[Date "2008.07.05"]
[Round "2"]
[White "Leroy, Christophe"]
[Black "Guramishvili, Sopiko"]
[Result "0-1"]
[WhiteElo "2157"]
[BlackElo "2302"]
[PlyCount "78"]
[EventDate "2008.07.??"]
[EventType "swiss"]
[EventRounds "9"]
[EventCountry "ESP"]
[SourceDate "2008.07.04"]

1. e4 c5 2. Nf3 d6 3. d4 cxd4 4. Nxd4 Nf6 5. Nc3 a6 6. Be2 e5 7. Nb3 Be7 8. O-O
O-O 9. a4 b6 10. f4 Bb7 11. Bf3 Nbd7 12. f5 b5 13. Qe1 Re8 14. axb5 axb5 15.
Rxa8 Bxa8 16. Kh1 b4 17. Nd5 Nxd5 18. exd5 Nf6 19. Qxb4 Nxd5 20. Qb5 Nc7 21.
Qa5 d5 22. Rd1 Bd6 23. Qb6 g6 24. fxg6 hxg6 25. Bg5 f6 26. Bh4 Qe7 27. c3 Qf8
28. Rf1 Rb8 29. Qe3 f5 30. Bd1 Ne6 31. Qg3 Qg7 32. Bg5 Nxg5 33. Qxg5 Be7 34.
Qe3 Rd8 35. Qb6 Qf6 36. Qa7 Bf8 37. Qe3 d4 38. cxd4 exd4 39. Qg3 Bd6 0-1

[Event "Barbera del Valles"]
[Site "XXXI Open del Valles"]
[Date "2008.07.05"]
[Round "2"]
[White "Tsatsalashvili, Keti"]
[Black "Villa Izquierdo, Roberto"]
[Result "1-0"]
[WhiteElo "2271"]
[BlackElo "2161"]
[PlyCount "55"]
[EventDate "2008.07.??"]
[EventType "swiss"]
[EventRounds "9"]
[EventCountry "ESP"]
[SourceDate "2008.07.04"]

1. d4 Nf6 2. c4 e5 3. dxe5 Ng4 4. Bf4 Nc6 5. Nf3 Bb4+ 6. Nbd2 Qe7 7. e3 Ngxe5
8. Nxe5 Nxe5 9. Be2 O-O 10. O-O Bxd2 11. Qxd2 d6 12. b4 Rd8 13. Rac1 c5 14. a3
b6 15. Rfd1 Bb7 16. Qb2 Rac8 17. Bg3 f6 18. Rd2 Ba8 19. Rcd1 cxb4 20. axb4 Qe6
21. Rd4 Kf7 22. Rh4 Nxc4 23. Qa2 b5 24. Qxa7+ Rd7 25. Qa6 Nxe3 26. Qxc8 Nxd1
27. Qxa8 Qxe2 28. Re4 1-0

[Event "Barbera del Valles"]
[Site "XXXI Open del Valles"]
[Date "2008.07.05"]
[Round "2"]
[White "Esquivel, Luis"]
[Black "Sadrija, Enver"]
[Result "1/2-1/2"]
[WhiteElo "2178"]
[BlackElo "2265"]
[PlyCount "137"]
[EventDate "2008.07.??"]
[EventType "swiss"]
[EventRounds "9"]
[EventCountry "ESP"]
[SourceDate "2008.07.04"]

1. e4 d5 2. d4 dxe4 3. Nc3 Nf6 4. f3 exf3 5. Nxf3 Bg4 6. Bc4 e6 7. O-O c6 8.
Bg5 Nbd7 9. h3 Bh5 10. Qe2 Qb6 11. Kh1 Be7 12. Qe3 O-O 13. Ne5 Nxe5 14. Qxe5
Bg6 15. Qe3 Rad8 16. Rf4 Qxb2 17. Rb1 Nd5 18. Bxd5 Qxb1+ 19. Nxb1 Bxg5 20. Bb3
c5 21. Qf2 Bxf4 22. Qxf4 Rxd4 23. Qf1 Rfd8 24. Nc3 c4 25. Ba4 a6 26. Kh2 b5 27.
Bxb5 axb5 28. Nxb5 Rd2 29. Qxc4 Rxc2 30. Qf4 Rxa2 31. Qc7 Rf8 32. Nc3 Rc2 33.
Qe5 h6 34. Ne2 Rd8 35. Nf4 Bf5 36. Nh5 f6 37. Qg3 g5 38. Nxf6+ Kf7 39. Ng4 Rdd2
40. Ne3 Be4 41. Nxc2 Rxc2 42. Kh1 Rxg2 43. Qc7+ Kg6 44. Qe7 Bd5 45. Qe8+ Kf5
46. Qf7+ Ke5 47. Qg7+ Kf4 48. Qxh6 Ke3 49. Qh8 g4 50. Qc3+ Kf2 51. Qd4+ Ke2 52.
Qb2+ Kd3 53. Qb5+ Kc2 54. Qa4+ Kb1 55. Qd1+ Kb2 56. Qd4+ Kb3 57. Qb6+ Ka2 58.
Qa5+ Kb1 59. Qe1+ Kc2 60. Qa5 Rg3+ 61. Kh2 Rxh3+ 62. Kg1 g3 63. Qa4+ Kd3 64.
Qd1+ Ke3 65. Qe2+ Kf4 66. Qd2+ Kf5 67. Qd3+ Be4 68. Qf1+ Kg4 69. Qe2+ 1/2-1/2

[Event "Barbera del Valles"]
[Site "XXXI Open del Valles"]
[Date "2008.07.05"]
[Round "2"]
[White "Losada Cabrera, Francisco Javier"]
[Black "Sanchez Romero, Miguel Angel"]
[Result "1/2-1/2"]
[WhiteElo "2165"]
[BlackElo "2259"]
[PlyCount "38"]
[EventDate "2008.07.??"]
[EventType "swiss"]
[EventRounds "9"]
[EventCountry "ESP"]
[SourceDate "2008.07.04"]

1. e4 e5 2. Nf3 Nc6 3. Bb5 Nf6 4. O-O Nxe4 5. d4 Nd6 6. Bxc6 dxc6 7. dxe5 Nf5
8. Qxd8+ Kxd8 9. Nc3 Ke8 10. Bf4 Be6 11. Ne4 b6 12. Rfe1 h6 13. Rad1 Rd8 14. b3
Ba3 15. c4 Bb2 16. h3 c5 17. Bc1 Bxc1 18. Rxd8+ Kxd8 19. Rxc1 Ke7 1/2-1/2

[Event "Barbera del Valles"]
[Site "XXXI Open del Valles"]
[Date "2008.07.05"]
[Round "2"]
[White "Barbero Senidic, Alejandro"]
[Black "Moreto Quintana, Alex"]
[Result "1-0"]
[WhiteElo "2244"]
[BlackElo "2124"]
[PlyCount "121"]
[EventDate "2008.07.??"]
[EventType "swiss"]
[EventRounds "9"]
[EventCountry "ESP"]
[SourceDate "2008.07.04"]

1. e4 e5 2. Nf3 Nf6 3. Nxe5 d6 4. Nf3 Nxe4 5. Nc3 Nxc3 6. dxc3 Be7 7. Bf4 O-O
8. Qd2 Nd7 9. O-O-O Nc5 10. Bd3 Bg4 11. Rde1 Nxd3+ 12. cxd3 Re8 13. Re3 Bf6 14.
h3 Rxe3 15. fxe3 Bxf3 16. gxf3 Be5 17. e4 Qf6 18. Bxe5 dxe5 19. Qe3 Rd8 20. Kc2
b6 21. Rg1 Rd6 22. Qg5 Qxg5 23. Rxg5 Rh6 24. Rxe5 Kf8 25. Rd5 Rxh3 26. f4 Rh2+
27. Kb3 Rh4 28. f5 Ke7 29. a4 f6 30. a5 Rf4 31. axb6 axb6 32. Rd4 h5 33. Ra4 h4
34. Ra8 Kf7 35. Rh8 g5 36. fxg6+ Kg7 37. Rh7+ Kxg6 38. Rh8 Rg4 39. Kc4 c6 40.
b4 Kg5 41. b5 cxb5+ 42. Kd5 Rg3 43. d4 Rxc3 44. e5 fxe5 45. dxe5 b4 46. Kd4 Rc1
47. Rg8+ Kf5 48. Rf8+ Kg5 49. Rg8+ Kf5 50. Rf8+ Kg6 51. Rf3 Rc3 52. Rf2 h3 53.
e6 Rc8 54. Ke5 Kg5 55. Rb2 Rc5+ 56. Kd6 Rc4 57. Kd5 Rc1 58. Re2 Rc8 59. Kd6 Kg4
60. Kd7 Rh8 61. e7 {Tiempo/Time} 1-0

[Event "Barbera del Valles"]
[Site "XXXI Open del Valles"]
[Date "2008.07.05"]
[Round "2"]
[White "Ravot, Sylvain"]
[Black "Companyo Pagerols, Josep Maria"]
[Result "1-0"]
[WhiteElo "2236"]
[BlackElo "2090"]
[PlyCount "55"]
[EventDate "2008.07.??"]
[EventType "swiss"]
[EventRounds "9"]
[EventCountry "ESP"]
[SourceDate "2008.07.04"]

1. e4 e6 2. d4 d5 3. Nd2 c5 4. exd5 exd5 5. Ngf3 Nc6 6. Bb5 Nf6 7. O-O Be7 8.
dxc5 Bxc5 9. Re1+ Be6 10. Nb3 Bb6 11. Nbd4 Qc8 12. Bxc6+ bxc6 13. Nf5 Kf8 14.
N5d4 Ne4 15. Nxe6+ Qxe6 16. Be3 c5 17. c4 d4 18. Bf4 Qf5 19. Qd3 Re8 20. Be5 f6
21. Rxe4 fxe5 22. Rae1 Kf7 23. Rxd4 Qxd3 24. Rxd3 Kf6 25. Rd6+ Kf5 26. Rd5 Re6
27. Nxe5 Rhe8 28. Nd7+ 1-0

[Event "Barbera del Valles"]
[Site "XXXI Open del Valles"]
[Date "2008.07.05"]
[Round "2"]
[White "Hernandez Casillas, Joan Josep"]
[Black "Pellus Ruiz, Josep"]
[Result "1/2-1/2"]
[WhiteElo "2150"]
[BlackElo "2219"]
[PlyCount "76"]
[EventDate "2008.07.??"]
[EventType "swiss"]
[EventRounds "9"]
[EventCountry "ESP"]
[SourceDate "2008.07.04"]

1. d4 Nf6 2. c4 c5 3. d5 d6 4. Nc3 g6 5. e4 Bg7 6. Be2 O-O 7. Nf3 e6 8. O-O a6
9. a4 exd5 10. cxd5 Nbd7 11. Nd2 Qc7 12. Nc4 Ne8 13. Bf4 b6 14. Qd2 f6 15. Rab1
Ne5 16. Rfc1 Kh8 17. f3 Nxc4 18. Bxc4 f5 19. Re1 fxe4 20. Nxe4 Bf5 21. Re2 Nf6
22. Bd3 Bxe4 23. Bxe4 Nd7 24. Rbe1 Ne5 25. Bh6 Rae8 26. Qc1 Bxh6 27. Qxh6 Qg7
28. Qc1 Re7 29. Qc3 Nd7 30. Bd3 Rxe2 31. Rxe2 Qxc3 32. bxc3 Nf6 33. Bxa6 Nxd5
34. c4 Nb4 35. Bb5 Kg7 36. Re7+ Rf7 37. Re6 Rf6 38. Re7+ Rf7 1/2-1/2

[Event "Barbera del Valles"]
[Site "XXXI Open del Valles"]
[Date "2008.07.05"]
[Round "2"]
[White "Obon Temprano, Sergi"]
[Black "Palacios Pena, Gerardo"]
[Result "1/2-1/2"]
[WhiteElo "2211"]
[BlackElo "2034"]
[PlyCount "80"]
[EventDate "2008.07.??"]
[EventType "swiss"]
[EventRounds "9"]
[EventCountry "ESP"]
[SourceDate "2008.07.04"]

1. Nf3 d5 2. d4 c6 3. c4 Nf6 4. Nc3 e6 5. g3 Be7 6. Bg2 O-O 7. O-O Nbd7 8. b3
b6 9. Bb2 Bb7 10. Qc2 Rc8 11. e4 dxe4 12. Nxe4 c5 13. Nxf6+ Nxf6 14. dxc5 Rxc5
15. Rad1 Qa8 16. Qe2 h6 17. Nh4 Bxg2 18. Nxg2 Rcc8 19. Ne3 Rfd8 20. Ng4 Nxg4
21. Qxg4 Bf8 22. Bf6 Rxd1 23. Rxd1 Qc6 24. Bb2 b5 25. Rc1 bxc4 26. Rxc4 Qd7 27.
Rd4 Qb7 28. Qd1 Bc5 29. Rg4 Bf8 30. Rd4 Bc5 31. Rg4 Bf8 32. Qd4 f5 33. Rg6 Qf7
34. Rxh6 e5 35. Qxe5 Re8 36. Qc3 Bb4 37. Qxb4 gxh6 38. Qc3 Qg6 39. Qc4+ Qe6 40.
Qd4 Qe1+ 1/2-1/2

[Event "Barbera del Valles"]
[Site "XXXI Open del Valles"]
[Date "2008.07.05"]
[Round "2"]
[White "Ridameya Tatche, Jose Miguel"]
[Black "Danelia, Mariam"]
[Result "0-1"]
[WhiteElo "2133"]
[BlackElo "2185"]
[PlyCount "68"]
[EventDate "2008.07.??"]
[EventType "swiss"]
[EventRounds "9"]
[EventCountry "ESP"]
[SourceDate "2008.07.04"]

1. e4 c5 2. Nf3 Nc6 3. d4 cxd4 4. Nxd4 d6 5. c4 Nf6 6. Nc3 e6 7. Be3 Be7 8. Be2
O-O 9. O-O Nxd4 10. Qxd4 Bd7 11. Rfd1 Bc6 12. e5 dxe5 13. Qxe5 Nd7 14. Qh5 Qc7
15. Rac1 Nf6 16. Qh3 Rfd8 17. Bf3 Rxd1+ 18. Rxd1 a6 19. Bd4 Rd8 20. Bxc6 Qxc6
21. Bxf6 Rxd1+ 22. Nxd1 Bxf6 23. Qd3 h6 24. Nc3 Qb6 25. b3 Qa5 26. Na4 Qe1+ 27.
Qf1 Qd2 28. g3 Bd4 29. Kg2 Qxa2 30. Qd3 Qxf2+ 31. Kh3 Qf5+ 32. Qxf5 exf5 33. b4
b5 34. cxb5 axb5 0-1

[Event "Barbera del Valles"]
[Site "XXXI Open del Valles"]
[Date "2008.07.07"]
[Round "3"]
[White "Narciso Dublan, Marc"]
[Black "Perez Mitjans, Orelvis"]
[Result "0-1"]
[WhiteElo "2525"]
[BlackElo "2441"]
[PlyCount "92"]
[EventDate "2008.07.??"]
[EventType "swiss"]
[EventRounds "9"]
[EventCountry "ESP"]
[SourceDate "2008.07.04"]

1. e4 c5 2. Nf3 d6 3. c3 Nf6 4. Bd3 Nc6 5. Bc2 Bg4 6. d3 e6 7. Nbd2 d5 8. h3
Bh5 9. Qe2 Be7 10. Nf1 Qa5 11. Bd2 Qb5 12. b3 O-O-O 13. g4 Bg6 14. Ng3 Qa6 15.
Nh4 dxe4 16. Nxg6 hxg6 17. dxe4 Qa3 18. Bc1 Qa5 19. Bd2 Bd6 20. Kf1 Be5 21. b4
cxb4 22. cxb4 Qc7 23. Rc1 Bxg3 24. fxg3 Qxg3 25. Qe3 Qd6 26. Be1 Nxg4 27. Qg3
Qxg3 28. Bxg3 Rd2 29. Bb3 a6 30. Rc3 Nf6 31. Be1 Rd4 32. e5 Ne4 33. Rc2 Kb8 34.
Kg2 Nxe5 35. Rf1 Rd3 36. Re2 f5 37. Rxe4 fxe4 38. Bg3 Rh5 39. h4 Ka7 40. Bxe6
Nf3 41. Bc4 Nxh4+ 42. Bxh4 Rxh4 43. Bxd3 exd3 44. a3 Rd4 45. Kf3 d2 46. Ke2
d1=Q+ 0-1